| 000 | 00657nam a2200169 a 4500 | ||
|---|---|---|---|
| 008 | 080417s2006 ||||||||||||||||| || u | ||
| 020 | _a9789211127034 | ||
| 050 | _aUNO(02) | ||
| 110 | _aUnited Nations Organisation (UNO) | ||
| 245 | 1 | 0 |
_aEnding violence against women: from words to action _cby United Nations Organisation [UNO] |
| 246 | _aStudy of the Secretary-General | ||
| 260 |
_aGeneva: _bUNITED NATIONS _c2006 |
||
| 300 | _axvii, 190p.: ill. | ||
| 350 | _a0.00 | ||
| 650 | _aWOMEN--VIOLENCE AGAINST | ||
| 995 |
_FCBU-MAIN LIBRARY (Kitwe) _I0.00 _M1 _UAVAILABLE _WMar 14, 2013 _ZInternational Publications |
||
| 999 |
_c41846 _d41846 |
||